000 00555cam a22002171 4500
001 6532263
005 20180314044134.0
008 750313s1958 nyua 000 0 eng
010 _a 57006395
015 _aGB58-3151
035 _a(OCoLC)1214937
040 _aDLC
_cO
_dOCoLC
_dUk
_dDLC
041 _aeng
080 _a621.8
082 _a621.8 HAM
100 1 _a27
101 _aMEK
245 1 0 _aMechanics of machinery
_c[by] C.W. Ham, E.J. Crane [and] W.L. Rogers.
906 _a7
_bcbc
_coclcrpl
_du
_encip
_f19
_gy-gencatlg
942 _2ddc
_cBK
999 _c44945
_d44945